000
00294nam a22001337a 4500
008
181006b xxu||||| |||| 00| 0 eng d
020
_a
0944210546
041
_a
eng
080
_a
371
100
_a
25
101
_a
EDU
245
_a
Reading Comprehension Skills
_c
Langan, J
942
_2
udc
_c
BK
999
_c
48965
_d
48965